Visualizzazione normale
Vista MARC
- Pugliatti Nanni
di Personal Name
Records bibliografici associati: 1
001 - CONTROL NUMBER
- control field: 19725
003 - CONTROL NUMBER IDENTIFIER
- control field: IT-RoPau
005 - DATE AND TIME OF LATEST TRANSACTION
- control field: 20140408215927.0
008 - FIXED-LENGTH DATA ELEMENTS
- fixed length control field: 140408|| aca||aabn | a|a d
040 ## - CATALOGING SOURCE
- Original cataloging agency: IT-RoPau
- Transcribing agency: IT-RoPau
100 ## - HEADING--PERSONAL NAME
- Personal name: Pugliatti Nanni
- Dates associated with a name: Codice autore SPICS: 17332
- Relator term: Autore
- Name of part/section of a work: Interpretazione visiva di un brano musicale
670 ## - SOURCE DATA FOUND
- Source citation: Work cat.: (IT-RoPau)99372: AA.VV. 794, Parabola della vita (La)-24 diapositive con libretto